| 000 | 02663nam0a2200409 4500 | ||
|---|---|---|---|
| 001 | RU\NLR\BIBL_A\012440357 | ||
| 005 | 20210325173308.0 | ||
| 010 |
_a978-5-9616-0470-2 _9200 |
||
| 021 |
_aRU _bКН-П-20-056790 _9КН-П-20-4234 |
||
| 035 | _a(NLR Aleph) 012440357 | ||
| 035 | _a(RuMoRGB)010427775 | ||
| 090 |
_a11922357 _c11922357 |
||
| 100 | _a20210126d2013 u y0rusy50 ca | ||
| 101 | 0 | _arus | |
| 102 | _aRU | ||
| 105 | _aa|||z|||000zy | ||
| 181 | 0 |
_ai _baxxe |
|
| 182 | 0 | _an | |
| 200 | 1 |
_aХимия в олимпиадных задачах: от теории к практике _eучебно-методическое пособие _e[по специальности "Химия"] _fМ. В. Шепелев, А. С. Вашурин, Е. В. Румянцев _gпод общей редакцией кандидата химических наук, старшего научного сотрудника М. В. Шепелева _gМинистерство образования и науки Российской Федерации, Федеральное государственное бюджетное образовательное учреждение высшего профессионального образования "Ивановский государственный химико-технологический университет", АУ "Институт развития образования Ивановской области" |
|
| 203 |
_aТекст _bвизуальный _cнепосредственный |
||
| 210 |
_aИваново _cИГХТУ _d2013 |
||
| 215 |
_a94 с. _cил., табл. _d21 |
||
| 300 | _aНа 4-й с. обл. авт.: Шепелев М. В. - канд. хим. наук, Вашурин А. С. - канд. хим. наук, Румянцев Е. В. - канд. хим. наук, доц. | ||
| 320 | _aБиблиогр.: с. 93-94 (22 назв.) | ||
| 606 | 1 |
_aХимия _jУчебно-методические пособия _xОлимпиады _92278362 _3RU\NLR\AUTH\661365177 |
|
| 606 | 1 |
_aХимия _jУчебно-методические пособия _xЗадачи _xРешение _91882966 _3RU\NLR\AUTH\661146220 |
|
| 686 | 1 | _aГ1я7-42 | |
| 686 | 1 | _aЧ426.57-382.61я7 | |
| 686 | 1 | _aЧ486.57-382.61я7 | |
| 700 | 1 |
_aШепелев _bМ. В. _gМаксим Владимирович |
|
| 701 | 1 |
_aВашурин _bА. С. _gАртур Сергеевич |
|
| 701 | 1 |
_aРумянцев _bЕ. В. _gЕвгений Владимирович |
|
| 942 | _cBOOK | ||
| 980 | _aNBR | ||
| 980 | _aNB | ||